| 000 | 00867nam a2200253 a 4500 | ||
|---|---|---|---|
| 005 | 20140310183351.0 | ||
| 008 | 121207s19uu xx 00 eng d | ||
| 020 | _a9789971694678 | ||
| 050 |
_aKZ 2093 _b.B67 2011 |
||
| 100 | _aBorschberg, Peter | ||
| 245 |
_aHugo Grotius, the Portuguese and free trade in the East Indies / _cPeter Borschberg. |
||
| 260 |
_aSingapore : _bNUS Press, c2011, _c2011. |
||
| 300 |
_a482 p. : _c23 cm. |
||
| 500 | _aIncludes bibliographical references (p. 381-405) and index. | ||
| 600 | _aGrotius, Hugo, 1583-1645 | ||
| 650 |
_aNederlandsche Oost-Indische Compagnie _xHistory |
||
| 650 | _aPrize law | ||
| 650 | _aFreedom of the seas | ||
| 650 | _aInternational law | ||
| 650 | _aInternational relations | ||
| 650 |
_aPortuguese _xCommerce _xEast Indies _xHistory -- 17th century |
||
| 942 |
_cBK _2lcc _kFOR |
||
| 999 |
_c22108 _d22108 |
||